|
|
|
|
| LEADER |
01334pam a22004338a 4500 |
| 001 |
00032470 |
| 005 |
20171026081025.0 |
| 008 |
140909s2014 ||||||Viesd |
| 020 |
# |
# |
|a 9786045014820
|
| 041 |
0 |
# |
|a Vie
|
| 082 |
1 |
4 |
|a 680.095 973 1
|b M458S
|
| 245 |
1 |
0 |
|a Một số làng nghề Hà Nội
|c Trần Việt Ngữ, Hà Danh Khuyết, Mặc Danh Thị,...[ và những người khác]
|
| 260 |
# |
# |
|a Hà Nội
|b Văn hóa thông tin
|c 2014
|
| 300 |
# |
# |
|a 215 tr.
|c 21 cm.
|
| 500 |
# |
# |
|a ĐTTS ghi : Hội văn nghệ dân gian Việt Nam
|
| 504 |
# |
# |
|a Thư mục: tr. 321 - 324
|
| 653 |
# |
# |
|a Nghề thủ công
|
| 653 |
# |
# |
|a Làng nghề
|
| 653 |
# |
# |
|a Hà Nội
|
| 653 |
# |
# |
|a Nghề truyền thống
|
| 653 |
# |
# |
|a Việt Nam
|
| 700 |
1 |
# |
|a Hà, Danh Khuyết
|
| 700 |
1 |
# |
|a Lê, Đình Mai
|
| 700 |
1 |
# |
|a Mặc, Danh Thi
|
| 700 |
1 |
# |
|a Nguyễn, Duy Họa
|
| 700 |
1 |
# |
|a Nguyễn, Vĩnh Long
|
| 700 |
1 |
# |
|a Trần, Việt Ngữ
|
| 700 |
1 |
# |
|a Đỗ, Như Hùng
|
| 852 |
# |
# |
|b Kho đọc
|j KD.0015937
|
| 852 |
# |
# |
|j KD.0015937
|
| 910 |
# |
# |
|d 9/9/2014
|
| 980 |
# |
# |
|a Trung tâm Học liệu Lê Vũ Hùng, Trường Đại học Đồng Tháp
|